<?xml version="1.0" encoding="UTF-8"?>
<marc:record xmlns:marc="http://www.loc.gov/MARC21/slim">
   <marc:leader>00000nam a2200000 a 4500</marc:leader>
   <marc:datafield ind1="1" ind2=" " tag="100">
      <marc:subfield code="a">Schmidt, Jürgen</marc:subfield>
      <marc:subfield code="4">aut</marc:subfield>
      <marc:subfield code="e">Verfasser/-in</marc:subfield>
   </marc:datafield>
   <marc:datafield ind1=" " ind2=" " tag="653">
      <marc:subfield code="a">Geschichte</marc:subfield>
   </marc:datafield>
   <marc:datafield ind1=" " ind2=" " tag="653">
      <marc:subfield code="a">Zivilgesellschaft</marc:subfield>
   </marc:datafield>
   <marc:datafield ind1=" " ind2=" " tag="653">
      <marc:subfield code="a">Begriff</marc:subfield>
   </marc:datafield>
   <marc:datafield ind1=" " ind2=" " tag="653">
      <marc:subfield code="a">Quelle</marc:subfield>
   </marc:datafield>
   <marc:datafield ind1="0" ind2="0" tag="245">
      <marc:subfield code="a">Zivilgesellschaft</marc:subfield>
   </marc:datafield>
   <marc:datafield ind1="0" ind2="0" tag="245">
      <marc:subfield code="b">bürgerschaftliches Engagement von der Antike bis zur Gegenwart ; Texte und Kommentare</marc:subfield>
   </marc:datafield>
   <marc:datafield ind1="0" ind2="0" tag="245">
      <marc:subfield code="c">Jürgen Schmidt</marc:subfield>
   </marc:datafield>
   <marc:datafield ind1=" " ind2="1" tag="264">
      <marc:subfield code="a">Reinbek bei Hamburg</marc:subfield>
      <marc:subfield code="b">Rowohlt-Taschenbuch-Verl.</marc:subfield>
      <marc:subfield code="c">2007</marc:subfield>
   </marc:datafield>
   <marc:datafield ind1="1" ind2=" " tag="490">
      <marc:subfield code="a">Rororo</marc:subfield>
      <marc:subfield code="v">55687 : Rowohlts Enzyklopädie</marc:subfield>
   </marc:datafield>
   <marc:datafield ind1=" " ind2=" " tag="250">
      <marc:subfield code="a">Orig.-Ausg.</marc:subfield>
   </marc:datafield>
   <marc:datafield ind1="1" ind2=" " tag="520">
      <marc:subfield code="a">Angaben aus der Verlagsmeldung

Zivilgesellschaft / von Jürgen Schmidt

Niemand kommt heutzutage am Begriff "Zivilgesellschaft" vorbei, der politisch, publizistisch oder lehrend tätig ist. Dennoch gibt es im deutschsprachigen Raum keine Quellensammlung, die die Wurzeln des Zivilgesellschaftsbegriffs sichtbar macht. Was verbirgt sich hinter diesem Begriff? Woher kommt er? Diese Fragen beantwortet der Quellenband "Zivilgesellschaft" anhand von Texten von der Antike bis zur Gegenwart. Ausgewählt werden philosophische, rechtshistorische und politische Texte. Vereinzelt werden darüber hinaus Quellen hinzugezogen, die Hinweise auf die Praxis der Zivilgesellschaft geben. Angesichts der zahlreichen Debatten und seiner Popularität ist die Ortung und Verortung des Zivilgesellschaftsbegriffs ein nützliches und notwendiges Unterfangen. Die Texte zeigen Wege bürgerschaftlichen Engagements, Gemeinsinns und Teilhabe auf, lassen aber auch erkennen, dass zivilgesellschaftliches Handeln mit Exklusion verbunden sein kann.
Insgesamt geht es nicht darum, den Zivilgesellschaftsbegriff zu verklären, sondern seine Chancen und Grenzen sichtbar zu machen. Schon die Bürger der griechischen Polis nahmen billigend die Existenz der Sklaven in Kauf; die Partizipationsrate der bürgerlichen Gesellschaft in den deutschen Städten des frühen 19. Jahrhunderts erreichte kaum die Zehn-Prozent-Marke. Die Ambivalenzen des Zivilgesellschaftsbegriffs sind daher bei der Auswahl der Texte berücksichtigt. Nicht jeder gesellschaftlicher Verkehr im bürgerlichen Leben war aus sich heraus gleichbedeutend mit zivilgesellschaftlicher Teilnahme.
</marc:subfield>
   </marc:datafield>
   <marc:datafield ind1=" " ind2=" " tag="020">
      <marc:subfield code="a">9783499556876</marc:subfield>
      <marc:subfield code="9">9783499556876</marc:subfield>
   </marc:datafield>
   <marc:datafield ind1=" " ind2=" " tag="020">
      <marc:subfield code="a">3499556871</marc:subfield>
      <marc:subfield code="9">3499556871</marc:subfield>
   </marc:datafield>
   <marc:datafield ind1=" " ind2=" " tag="041">
      <marc:subfield code="a">ger</marc:subfield>
   </marc:datafield>
   <marc:datafield ind1=" " ind2=" " tag="300">
      <marc:subfield code="a">351 S.</marc:subfield>
   </marc:datafield>
</marc:record>
